000 00832nam a2200241 u 4500
001 000002054
005 20200929145820.0
008 090630s2008 pr r 000 0 spa d
020 _a9781881740834
040 _aDO-SdBNP
_bspa
_cBNPHU
082 _aPR861.44
_bM244e
100 1 _aMaldonado Beltrán, José Manuel
_96612
245 1 0 _aEste difícil oficio de amarte /
_cJosé Manuel Maldonado Beltrán.
260 _aSan Juan, Puerto Rico :
_bIsla Negra,
_c2008
_eSanto Domingo
300 _a60 p. ;
_c22 cm.
490 1 _aFilo de juego
500 _aIncluye datos biográficos del autor en la solapa de la cubierta
590 _aInventariado, 2018/LP
650 4 _aPoesía puertorriqueña
_91015
650 4 _aLiteratura puertorriqueña
_9250
830 0 _aFilo de juego
_91014
910 _aValidado. Control de calidad MMOLINA
999 _c1918
_d1918